Statistics for Most Populous Cities of British Columbia

Click here to take the quiz!

General Stats

  • This quiz has been taken 1,013 times
    (1,011 since last reset)
  • The average score is 10 of 15

Answer Stats

PopulationCity% Correct
603,502Vancouver
100%
80,017Victoria
94%
468,251Surrey
83%
117,312Kelowna
82%
223,218Burnaby
74%
85,678Kamloops
74%
190,473Richmond
69%
133,497Abbotsford
66%
71,974Prince George
64%
83,810Nanaimo
62%
56,342Port Coquitlam
57%
126,456Coquitlam
56%
77,936Chilliwack
44%
65,976New Westminster
35%
76,052Maple Ridge
31%

Score Distribution

Percentile by Number Answered

Percent of People with Each Score

Your Score History

You have not taken this quiz since the last reset